| 000 | 00484nam a2200169Ia 4500 | ||
|---|---|---|---|
| 999 |
_c12017 _d12017 |
||
| 003 | OSt | ||
| 005 | 20201005140505.0 | ||
| 008 | 190216s9999||||xx |||||||||||||| ||und|| | ||
| 040 | _coclc | ||
| 082 |
_a823.8 _bELI/M |
||
| 100 |
_aEliot, George _94709 |
||
| 245 | 4 |
_aThe Mill On The Floss / _cGeorge Eliot ; Malcolm Elwin |
|
| 260 |
_bHeron Books, _c1980. _aLondon: |
||
| 300 | _a485p | ||
| 650 | _aEnglish Novel | ||
| 942 |
_cBK _2ddc _h823.8 _iELI/M _k823.8 _mELI/M |
||